02787nam a2200301 4500001000800000007000300008008004100011040000800052041000800060100004300068245012200111300001900233520162400252650003501876650003401911650003501945650002601980650003402006650004102040700004402081700004902125700004602174700005002220700005202270773011502322942003102437999001702468ESSALUDta t2026 pe ||||| |||| 00| 0 spa d aBMG aspa aMeza Pinedo, Brik Henrryeautor952677 aUsabilidad del chatbot para promoción de la salud en mayores de 40 años sin diagnóstico de enfermedad crónica apáginas 5-15 aEl objetivo de este estudio fue evaluar la aceptabilidad y usabilidad de la herramienta Nutribot en adultos peruanos de 40 años o más sin diagnóstico de ENT, con miras a validar su pertinencia como recurso educativo preventivo y a sentar bases para su implementación a mayor escala en salud pública. El estudio incluyó 50 participantes, quienes interactuaron con el sistema durante 20–30 minutos y completaron un cuestionario de usabilidad y una pregunta abierta. Más del 60 % estuvo de acuerdo o totalmente de acuerdo con los ítems clave (facilidad de uso, claridad, comprensión y utilidad). La probabilidad de recomendación fue alta, con un promedio de 8,92/10 (mediana: 9; rango: 6–10), evidenciando elevada satisfacción global. La edad de los participantes osciló entre 40 y 83 años, sin diferencias apreciables en la valoración según el grupo etario. El análisis cualitativo resaltó la rapidez, claridad y amabilidad de las respuestas, así como su utilidad práctica en consultas cotidianas. Entre las principales sugerencias se destacaron la necesidad de una mayor proactividad del sistema y la optimización en la presentación de la información, mediante formatos más estructurados y funciones adicionales. Los resultados evidencian la factibilidad de implementar un chatbot nutricional basado en LLMs vía WhatsApp como herramienta complementaria para promover estilos de vida saludables y la autogestión del bienestar en adultos. Asimismo, aportan evidencia operativa para optimizar el prototipo antes de su implementación a mayor escala en salud pública. aINTELIGENCIA ARTIFICIAL935380 aPROGRAMAS INFORMÁTICOS9873 aPROGRAMAS DE NUTRICIÓN95497 aSALUD PÚBLICA91652 aPROMOCIÓN DE LA SALUD92180 aENFERMEDADES NO TRANSMISIBLES944056 aLoayza Arroyo, Luis Randyeautor952678 aRamos Quispe, Mitshell Bikrhameautor952679 aBastidas, Bryan Christophereautor952680 aSedano Porras, Claudia Aracellieautor952681 aMurillo Carrasco, Alexis Germáneautor9526820 022497922595dLima : IETSIoCITES01tCiencia y Tecnología aplicada a la Salud PúblicawESSALUDx3119-7981 cARTICULOSe2026-06-11zAFC c22517d22517